| 000 | 00966nam a2200289 i 4500 | ||
|---|---|---|---|
| 001 | 10204 | ||
| 003 | ES-MaACL | ||
| 005 | 20230906145835.0 | ||
| 007 | t| | ||
| 008 | 950317s1993 sp ||||1| spa d | ||
| 020 | _a84-309-2406-X | ||
| 080 | _a341.176(4-672 CE) | ||
| 080 | _a342.25(46) | ||
| 080 | _a35(46).072.23 | ||
| 100 | 1 |
_aPérez Calvo, Alberto. _990696 |
|
| 245 | 1 | 0 |
_aEstado autonómico y Comunidad Europea / _cAlberto Pérez Calvo. |
| 260 |
_aMadrid : _bTecnos, _cD.L.1993. |
||
| 300 |
_a324 ; _c18 cm. |
||
| 490 | 1 | _aTemas clave de la Constitución Española | |
| 504 | _aBibliografía: p. 315-324. | ||
| 610 | 2 | 6 |
_aComunidades Europeas- _zEspaña. _93140 |
| 650 | 1 | 4 |
_aConflictos de jurisdicción y competencia (Administración)- _zEspaña. _911274 |
| 650 |
_aEspaña- _xComunidades autónomas. _9178649 |
||
| 830 | 0 |
_aTemas clave de la Constitución Española _9178650 |
|
| 852 |
_aES-MaACL _jL-17621 _bR.123211 |
||
| 999 |
_c10204 _d10204 |
||